De animales y de niños / (Registro nro. 15827)
[ vista simple ]
| 000 -LEADER | |
|---|---|
| fixed length control field | 01883nam a22002897a 4500 |
| 003 - CONTROL NUMBER IDENTIFIER | |
| control field | OSt |
| 005 - DATE AND TIME OF LATEST TRANSACTION | |
| control field | 20221014124947.0 |
| 008 - FIXED-LENGTH DATA ELEMENTS--GENERAL INFORMATION | |
| fixed length control field | 220209s2014 ck a|||br|||| 000 j spa d |
| 020 ## - INTERNATIONAL STANDARD BOOK NUMBER | |
| International Standard Book Number | 9789588827254 |
| 040 ## - CATALOGING SOURCE | |
| Original cataloging agency | CO-JMCR |
| Transcribing agency | CO-JMCR |
| 041 0# - LANGUAGE CODE | |
| Language code of text/sound track or separate title | spa |
| 082 04 - DEWEY DECIMAL CLASSIFICATION NUMBER | |
| Classification number | C / |
| Item number | DEAd |
| 245 00 - TITLE STATEMENT | |
| Title | De animales y de niños / |
| Statement of responsibility, etc. | editor, Iván Hernández ; ilustradoras, Olga Lucía García y Paula Bossio |
| 250 ## - EDITION STATEMENT | |
| Edition statement | Primera edición |
| 260 ## - PUBLICATION, DISTRIBUTION, ETC. | |
| Place of publication, distribution, etc. | Bogotá : |
| Name of publisher, distributor, etc. | Ministerio de Cultura, |
| Date of publication, distribution, etc. | 2014. |
| 300 ## - PHYSICAL DESCRIPTION | |
| Extent | 32 páginas : |
| Other physical details | ilustraciones a color ; |
| Dimensions | 27 cm. |
| 490 0# - SERIES STATEMENT | |
| Series statement | Leer es mi cuento ; |
| Volume/sequential designation | 7 |
| 505 0# - FORMATTED CONTENTS NOTE | |
| Title | Los caballos que no querían amo / |
| Statement of responsibility | Miriam Eastman -- |
| Title | Memorias de un niño embustero / |
| Statement of responsibility | Rafael Jaramillo Arango -- |
| Title | Minisurumbullo y el dulce de icaco / |
| Statement of responsibility | Gabriela Mercedes Arciniega -- |
| Title | De cómo la familia Chimp vino a la ciudad / |
| Statement of responsibility | Santiago Pérez Triana -- |
| Title | La Cucarachita Martínez / |
| Statement of responsibility | Rocío Vélez Piedraihita |
| 520 3# - SUMMARY, ETC. | |
| Summary, etc. | Leer es mi cuento 7 reúne la historia de animales y de niños que quieren cambiar sus vidas. Todas ellas fueron inventadas por escritores colombianos que creen que la vida de los niños puede cambiar de una manera muy sencilla: basta con que se aficionen a leer libros que enseñen a pasarla bien. Y es que un libro con historias que nos hacen reír o que nos hacen llorar es el mejor medicamento, el más eficaz contra un terrible mal que muchos padecen y que es muy contagioso: el aburrimiento. Para combatirlo, en las bibliotecas de su bario y de su municipio usted hallará cientos, miles de libros como este que lo divertirán. |
| 650 14 - SUBJECT ADDED ENTRY--TOPICAL TERM | |
| Topical term or geographic name entry element | Animales en la literatura. |
| 650 24 - SUBJECT ADDED ENTRY--TOPICAL TERM | |
| Topical term or geographic name entry element | Historias de aventuras. |
| 650 24 - SUBJECT ADDED ENTRY--TOPICAL TERM | |
| Topical term or geographic name entry element | Cuentos infantiles colombianos. |
| 700 1# - ADDED ENTRY--PERSONAL NAME | |
| Personal name | Hernández, Iván, |
| Relator term | editor |
| 9 (RLIN) | 8307 |
| 700 1# - ADDED ENTRY--PERSONAL NAME | |
| Personal name | García, Olga Lucia, |
| Relator term | ilustradora |
| 9 (RLIN) | 40435 |
| 700 1# - ADDED ENTRY--PERSONAL NAME | |
| Personal name | Bossio, Paula, |
| Relator term | ilustradora |
| 9 (RLIN) | 41931 |
| 942 ## - ADDED ENTRY ELEMENTS (KOHA) | |
| Source of classification or shelving scheme | Dewey Decimal Classification |
| Koha item type | Books |
| Withdrawn status | Lost status | Source of classification or shelving scheme | Damaged status | Not for loan | Collection code | Home library | Current library | Shelving location | Date acquired | Source of acquisition | Total Checkouts | Total Renewals | Full call number | Barcode | Date last seen | Date last checked out | Copy number | Price effective from | Koha item type |
|---|---|---|---|---|---|---|---|---|---|---|---|---|---|---|---|---|---|---|---|
| Dewey Decimal Classification | Fiction | Biblioteca Pública José María del Castillo y Rada | Biblioteca Pública José María del Castillo y Rada | Children's Area | 02/09/2022 | Donación | 6 | 1 | C / DEAd | 201811384 | 10/23/2025 | 10/23/2025 | Ej.1 | 02/09/2022 | Books |